Cerita rakyat pilihan

Bibliographic Details
Main Author: Nordin Saad
Format: Book
Published: Kuala Lumpur : Jurus Prinsip , 2006
Series:Siri bacaan asas sastera
Subjects:

MARC

LEADER 00000cam a2200000 7i4500
001 0000000121
005 20151222.0
008 070628
020 |a 9833547400 
090 0 0 |a JF   |b MAL (412) 
100 0 |a Nordin Saad 
245 1 0 |a Cerita rakyat pilihan   |c Nordin Saad 
260 |a Kuala Lumpur :   |b Jurus Prinsip ,   |c 2006 
440 0 |a Siri bacaan asas sastera 
500 |a Children ages 7-9 years old (orange) 
650 0 |a Junior fiction   |x Malay fiction 
999 |a 0000954105   |b Book   |c Children Collection   |e Perbadanan Perpustakaan Awam Johor 
999 |a 0000954106   |b Book   |c Children Collection   |e Perbadanan Perpustakaan Awam Johor 
999 |a 0000954109   |b Book   |c Children Collection   |e Cawangan Segamat